Antigüedad y cristianismo
| Autores Corporativos: | , , , |
|---|---|
| Formato: | Electrónico Seriadas |
| Lenguaje: | español inglés francés alemán italiano |
| Publicado: |
[Murcia] :
Secretariado de Publicaciones, Universidad de Murcia
|
| Materias: | |
| Acceso en línea: | Full text available from Research Library: 01/01/2006 to 01/31/2014 Full text available from PRISMA Database with HAPI Index: 01/01/2006 to 12/31/2006 Full text available from PRISMA Database with HAPI Index: 01/01/2012 to 01/31/2012 |
MARC
| LEADER | 00000nas a2200000 a 4500 | ||
|---|---|---|---|
| 001 | ssj0000393570 | ||
| 003 | WaSeSS | ||
| 005 | 20200512172242.0 | ||
| 006 | m d | ||
| 007 | cr n | ||
| 008 | 890201u1984uuuusp ar s 0 0spa | ||
| 010 | |a 89645304 | ||
| 016 | 7 | |a 010461050 |2 Uk | |
| 035 | |a (WaSeSS)ssj0000393570 | ||
| 040 | |a DLC |b eng |c DLC |d NST |d COO |d ZCU |d OCLCQ |d DLC |d CLU |d OCLCQ |d OCLCO |d OCLCF |d OCLCO |d OCL |d AU@ |d OCLCO |d OCL |d OCLCO |d OCL |d OCLCO |d OCLCQ |d UKMGB |d OCL |d WaSeSS | ||
| 041 | 0 | |a spa |a eng |a fre |a ger |a ita | |
| 042 | |a pcc | ||
| 043 | |a mm----- | ||
| 050 | 0 | 0 | |a DE1 |b .A379 |
| 245 | 0 | 0 | |a Antigüedad y cristianismo |h [electronic resource] / |c Universidad de Murcia, Cátedra de Historia Antigua, Fundación Pastor de Estudios Clásicos [y] Universidad de Alcalá de Henares, Cátedra de Historia Antigua. |
| 260 | |a [Murcia] : |b Secretariado de Publicaciones, Universidad de Murcia | ||
| 310 | |a Annual | ||
| 362 | 1 | |a Began in 1984. | |
| 500 | |a Each vol. has a distinctive title. | ||
| 506 | |a License restrictions may limit access. | ||
| 546 | |a Chiefly Spanish; some English, French, German, and Italian. | ||
| 550 | |a Vol. 4-5, 7- issued by: Universidad de Murcia, Area de Historia Antigua. | ||
| 588 | |a Description based on: 3, published in 1986. | ||
| 648 | 7 | |a 30 - 600 |2 fast | |
| 650 | 0 | |a Civilization, Classical |v Periodicals. | |
| 650 | 0 | |a Church history |y Primitive and early church, ca. 30-600 |v Periodicals. | |
| 650 | 7 | |a Church history |x Primitive and early church. |2 fast |0 (OCoLC)fst01710945 | |
| 650 | 7 | |a Civilization, Classical. |2 fast |0 (OCoLC)fst00862996 | |
| 655 | 0 | |a Electronic journals. | |
| 710 | 2 | |a Universidad de Murcia. |b Cátedra de Historia Antigua. | |
| 710 | 2 | |a Fundación Pastor de Estudios Clásicos. | |
| 710 | 2 | |a Universidad de Alcalá. |b Cátedra de Historia Antigua. | |
| 710 | 2 | |a Universidad de Murcia. |b Area de Historia Antigua. | |
| 850 | |a DLC |a NIC |a NN |a NNC |a NcU | ||
| 856 | 4 | 0 | |z Full text available from Research Library: 01/01/2006 to 01/31/2014 |u https://search.proquest.com/publication/2035791 |
| 856 | 4 | 0 | |z Full text available from PRISMA Database with HAPI Index: 01/01/2006 to 12/31/2006 |u https://search.proquest.com/publication/2036017 |
| 856 | 4 | 0 | |z Full text available from PRISMA Database with HAPI Index: 01/01/2012 to 01/31/2012 |u https://search.proquest.com/publication/2036017 |